|
|
|
|
| LEADER |
01044nam a2200253 a 4500 |
| 001 |
12402904 |
| 008 |
091109s2001 ii a b 000 0 eng d |
| 010 |
|
|
|a \\\00440670
|
| 020 |
|
|
|a 0195649745
|
| 040 |
|
|
|a DLC
|c DLC
|d DLC
|
| 082 |
0 |
0 |
|a 305.42/092
|2 21
|
| 100 |
1 |
|
|a Sorabji, Cornelia.
|
| 245 |
1 |
0 |
|a India calling :
|b the memories of Cornelia Sorabji, India's first woman barrister /
|c by Cornelia Sorabji ; edited by Chandani Lokugé.
|
| 260 |
|
|
|a New Delhi ;
|a New York :
|b Oxford University Press,
|c 2001.
|
| 300 |
|
|
|a xxxvi, 262 p. :
|b ill. ;
|c 22 cm.
|
| 504 |
|
|
|a Includes bibliographical references.
|
| 541 |
1 |
|
|e 00016406
|
| 600 |
1 |
0 |
|a Sorabji, Cornelia.
|
| 650 |
|
0 |
|a Women social reformers
|z India
|v Biography.
|
| 650 |
|
0 |
|a Women lawyers
|z India
|v Biography.
|
| 700 |
1 |
|
|a Lokugé, Chandani.
|
| 852 |
4 |
|
|a Ayesha Abed Library
|j General shelf
|
| 999 |
|
|
|c 5305
|d 5305
|
| 952 |
|
|
|0 0
|1 0
|2 ddc
|4 0
|6 305_420920000000000_SOR_2001
|7 0
|9 5157
|a BRACUL
|b BRACUL
|c GEN
|d 2009-11-09
|g 941.00
|l 3
|m 37
|o 305.42092 SOR
|p 3010016406
|r 2017-10-17
|s 2017-07-27
|t 1
|w 2009-11-09
|y BK
|